<?xml version="1.0" encoding="UTF-8"?>
<record
    xmlns:xsi="http://www.w3.org/2001/XMLSchema-instance"
    xsi:schemaLocation="http://www.loc.gov/MARC21/slim http://www.loc.gov/standards/marcxml/schema/MARC21slim.xsd"
    xmlns="http://www.loc.gov/MARC21/slim">

  <leader>00555nam a22001817a 4500</leader>
  <controlfield tag="005">20231116165100.0</controlfield>
  <datafield tag="010" ind1=" " ind2=" ">
    <subfield code="a">ENG-138416</subfield>
  </datafield>
  <datafield tag="020" ind1=" " ind2=" ">
    <subfield code="c">700.00</subfield>
    <subfield code="a">9788188769988</subfield>
  </datafield>
  <datafield tag="035" ind1=" " ind2=" ">
    <subfield code="a">EN-121948</subfield>
  </datafield>
  <datafield tag="037" ind1=" " ind2=" ">
    <subfield code="b">DBAD/PUB</subfield>
  </datafield>
  <datafield tag="082" ind1=" " ind2=" ">
    <subfield code="a">294.4</subfield>
  </datafield>
  <datafield tag="245" ind1=" " ind2=" ">
    <subfield code="a">International Journal of Jaina Studies/</subfield>
    <subfield code="c">Edited By Peter Flugel</subfield>
  </datafield>
  <datafield tag="250" ind1=" " ind2=" ">
    <subfield code="a">1</subfield>
  </datafield>
  <datafield tag="260" ind1=" " ind2=" ">
    <subfield code="a">Mumbai</subfield>
    <subfield code="b">HIndi Granth Karyalay</subfield>
    <subfield code="c">2014</subfield>
  </datafield>
  <datafield tag="270" ind1=" " ind2=" ">
    <subfield code="b">Mumbai</subfield>
    <subfield code="a">9 Hirabaug, C P Tank </subfield>
    <subfield code="e">400004</subfield>
    <subfield code="k">+91(+22)23826739</subfield>
    <subfield code="m">jainbooks@aol.com</subfield>
  </datafield>
  <datafield tag="300" ind1=" " ind2=" ">
    <subfield code="a">533p.</subfield>
    <subfield code="c">25cm(hbk)</subfield>
  </datafield>
  <datafield tag="942" ind1=" " ind2=" ">
    <subfield code="2">ddc</subfield>
    <subfield code="c">EN</subfield>
    <subfield code="h">294.4</subfield>
    <subfield code="m">INT</subfield>
  </datafield>
  <datafield tag="999" ind1=" " ind2=" ">
    <subfield code="c">199125</subfield>
    <subfield code="d">199125</subfield>
  </datafield>
  <datafield tag="952" ind1=" " ind2=" ">
    <subfield code="0">0</subfield>
    <subfield code="1">0</subfield>
    <subfield code="4">0</subfield>
    <subfield code="7">1</subfield>
    <subfield code="8">NFIC</subfield>
    <subfield code="a">BN</subfield>
    <subfield code="b">BN</subfield>
    <subfield code="d">2023-11-16</subfield>
    <subfield code="e">DBAD/PUB</subfield>
    <subfield code="g">700.00</subfield>
    <subfield code="l">0</subfield>
    <subfield code="o">294.4 INT</subfield>
    <subfield code="p">EN-121948</subfield>
    <subfield code="r">2023-11-16 00:00:00</subfield>
    <subfield code="t">1</subfield>
    <subfield code="v">700.00</subfield>
    <subfield code="w">2023-11-16</subfield>
    <subfield code="y">EN</subfield>
  </datafield>
</record>
